SNES Switch Online Games - Statistics

General Stats
  • This quiz has been taken 15 times
    13 since last reset
  • The average score is 17 of 56
Answer Stats
Hint Answer % Correct
Nintendo, 1991 - Platformer Super Mario World
100%
Nintendo/Rare, 1994 - Platformer Donkey Kong Country
89%
Nintendo, 1992 - Racing Super Mario Kart
89%
Nintendo, 1995 - Platformer Super Mario World 2: Yoshi's Island
89%
Nintendo/HAL/Ape, 1995 - RPG EarthBound
78%
Nintendo, 1991 - Racing F-Zero
78%
Nintendo, 1993 - Rail Shooter Star Fox
78%
Nintendo, 1994 - Action/Adventure Super Metroid
78%
Nintendo/HAL, 1996 - Platformer Kirby Super Star
67%
Nintendo, 1992 - Action/Adventure The Legend of Zelda: A Link to the Past
67%
Jaleco, 1992 - Beat em Up Rival Turf
56%
Nintendo, 1995/2017 - Shooter/Strategy Star Fox 2
56%
Nintendo, 1993 - Platformer Super Mario All-Stars
56%
Capcom, 1994 - RPG Breath of Fire
44%
Capcom, 1995 - RPG Breath of Fire II
44%
Data East, 1991 - Platformer Joe & Mac
44%
Nintendo/HAL, 1995 - Sports Kirby's Dream Course
44%
Nintendo, 1995 (JP) - Puzzle Panel de Pon
44%
Capcom, 1991 - Platformer Super Ghouls `n Ghosts
44%
Nintendo, 1994 - Sports/Action Super Punch-Out!!
44%
Rare/Nintendo, 1995 - Platformer Donkey Kong Country 2: Diddy's Kong Quest
33%
Nintendo/Rare, 1996 - Platformer Donkey Kong Country 3: Dixie Kong's Double Trouble!
33%
Playmates, 1995 - Action Earthworm Jim 2
33%
Nintendo/HAL, 1995 - Puzzle Kirby's Avalanche
33%
Nintendo/HAL, 1997 - Platformer Kirby's Dream Land 3
33%
Jaleco, 1993 - Beat em Up Brawl Brothers
22%
Capcom, 1994 - Platformer Demon's Crest
22%
Nintendo, 1991 - Flight SIm Pilotwings
22%
Riot, 1992 (JP) - Platformer Psycho Dream
22%
Namco/Virgin,1993 (JP) - Sports Smash Tennis
22%
Nintendo, 1994 - Racing Stunt Race FX
22%
Nintendo, 1991 - Sports Super Tennis
22%
Natsume, 1995 - Shooting Gallery Wild Guns
22%
Kemco, 1990 (JP) - Puzzle Bombuzal
11%
Interplay, 1994 - Platformer Claymates
11%
Renovation Products, 1993 - Fighting Doomsday Warrior
11%
Ocean, 1995 (EU) - Platformer Jelly Boy
11%
Data East, 1994 - Platformer Joe & Mac 2: Lost in the Tropics
11%
Nintendo, 1995 (JP) - Puzzle Mario's Super Picross
11%
Data East, 1993 - Billiards Side Pocket
11%
Natsume, 1992 - Platformer Spanky's Quest
11%
Culture Brain, 1992 - Sports Super Baseball Simulator 1.000
11%
Jaleco, 1992 - Shoot em Up Super E.D.F. Earth Defense Force
11%
Data East, 1993 - Platformer Congo's Caper
0%
Data East, 1994 - Fighting Fighter's History
0%
Data East, 1996 (JP) - Puzzle Magical Drop II
0%
Natsume, 1994 - Sports Natsume Championship Wrestling
0%
Jaleco, 1993 - Action Operation Logic Bomb
0%
Konami, 1993 (JP) - Shoot em Up Pop'n TwinBee
0%
Titus, 1996 - Platformer Prehistorik Man
0%
Banpresto/Sega, 1993 (JP) - Puzzle Super Puyo Puyo 2
0%
Nintendo/Spike Chunsoft, 1992 - Sports Super Soccer
0%
Atlus, 1993 - Action Super Valis IV
0%
Jaleco, 1995 - Action The Ignition Factor
0%
Jaleco, 1995 - Beat em Up The Peace Keepers
0%
Jaleco, 1993 - Fighting Tuff E Nuff
0%
No matching quizzes found
Score Distribution
Percent of People with Each Score
Percentile by Number Answered
Your Score History
You have not taken this quiz since the last reset